Cities by Religion (Click Quiz) - Statistics

General Stats
  • This quiz has been taken 1,167 times
  • The average score is 10 of 18
Answer Stats
Hint Answer % Correct
Eastern Orthodox Moscow
88%
Shia Islam Tehran
88%
Shinto Tokyo
83%
Mormonism Salt Lake City/Provo
80%
Rastafari Kingston
71%
Scientology Los Angeles
71%
Judaism New York City
70%
Catholicism Manila
69%
Hinduism Delhi
61%
Sunni Islam Jakarta
60%
Sikhism Amritsar
58%
Buddhism Bangkok
58%
Protestantism New York City
57%
Jainism Mumbai
40%
Unification Church Seoul
33%
Caodaism Ho Chi Minh City
28%
Zoroastrianism Mumbai
15%
Baha'i Delhi
10%
No matching quizzes found
Score Distribution
Percent of People with Each Score
Percentile by Number Answered
Your Score History
You have not taken this quiz